000 00281nam a22001337a 4500
008 181030b xxu||||| |||| 00| 0 eng d
020 _a0391036332
041 _aeng
080 _a101
100 _a24
101 _aFIL
245 _aHuman Nature
_cBerry, Ch. J
942 _2udc
_cBK
999 _c51131
_d51131